UBT Library

Geography Relams And Concepts 2000 (Record no. 52978)

000 -LEADER
fixed length control field 00306nam a22001337a 4500
008 - FIXED-LENGTH DATA ELEMENTS--GENERAL INFORMATION
fixed length control field 181207b xxu||||| |||| 00| 0 eng d
020 ## - INTERNATIONAL STANDARD BOOK NUMBER
International Standard Book Number 9780471314240
041 ## - LANGUAGE CODE
Language code of text/sound track or separate title eng
080 ## - UNIVERSAL DECIMAL CLASSIFICATION NUMBER
Universal Decimal Classification number 910
100 ## - Rafti
Rafti 42
101 ## - Shkurtesa
Shkurtesa geo
245 ## - TITLE STATEMENT
Title Geography Relams And Concepts 2000
Statement of responsibility, etc Blif.H.J
942 ## - ADDED ENTRY ELEMENTS (KOHA)
Source of classification or shelving scheme
Item type Books
Holdings
Withdrawn status Lost status Source of classification or shelving scheme Damaged status Not for loan Collection code Permanent location Current location Shelving location Date acquired Source of acquisition Total Checkouts Full call number Barcode Date last seen Price effective from Koha item type
          Koleksioni i përgjithshem UBT - Lipjan UBT - Lipjan Koleksioni i përgjithshem 12/07/2018 2018-11-06   910 BLI 002-3018934 12/07/2018 12/07/2018 Books
UBT Library © 2015-2024. All rights reserved University Education for Business and Technology